000 00877pam a2200313 i 4500
999 _c911
_d911
001 016643783
003 Uk
005 20191226103227.0
008 140203r20142013enk j 000 1 eng d
015 _aGBB425035
_2bnb
016 7 _a016643783
_2Uk
020 _a9781409570516 (pbk.) :
040 _aStDuBDS
_beng
_cStDuBDS
_dUk
_erda
042 _aukblcatcopy
082 _aFIC MCC
100 1 _aMcCaughrean, Geraldine,
_eauthor.
245 1 4 _aThe middle of nowhere /
_cGeraldine McCaughrean.
264 1 _aLondon :
_bUsborne,
_c2014.
300 _a297 pages ;
_c20 cm
336 _atext
_2rdacontent
337 _aunmediated
_2rdamedia
338 _avolume
_2rdacarrier
500 _aOriginally published: 2013.
500 _aFormerly CIP.
_5Uk
521 2 _aKey Stage 2.
651 0 _aAustralia
_vJuvenile fiction.
655 0 _aChildren's stories.
942 _2ddc
_cFIC